000 00843nam0a22002651 4500
001 rc\3019143
005 20250806201325.0
035 _a(NLR Aleph) 007161316
090 _a22942
_c22942
100 _a20041102d1941 u y0rusy50 ca
101 0 _arus
102 _aRU
105 _aa z ||||y
200 1 _aФиллоксера и меры борьбы с ней
_fИ.А. Казас
210 _aМосква
_aЛенинград
_cПищепромиздат
_d1941
_eКалуга
215 _a96 с.
_cил.
_d21 см
320 _aБиблиогр.: с. 96
700 1 _aКазас
_bИ.А.
_gИлья Азарович
801 0 _aRU
_bNLR
_gpsbo
801 1 _aRU
_bELAR
_2rusmarc
852 _aNLR
_bС
_j70 Г-4/35
942 _cBOOK
945 _aРоссийская национальная библиотека
980 _aNB
980 _aBV